संस्कृत व्याकरण / (Record no. 120878)

MARC details
000 -LEADER
fixed length control field 01136nam a22002657a 4500
005 - DATE AND TIME OF LATEST TRANSACTION
control field 20170124103204.0
010 ## - LIBRARY OF CONGRESS CONTROL NUMBER
LC control number 693032
020 ## - INTERNATIONAL STANDARD BOOK NUMBER
Terms of availability 00.00
035 ## - SYSTEM CONTROL NUMBER
System control number 693032
037 ## - SOURCE OF ACQUISITION
Source of stock number/acquisition Cen Lib/Ret
040 ## - CATALOGING SOURCE
Original cataloging agency DPL
Language of cataloging HN
082 ## - DEWEY DECIMAL CLASSIFICATION NUMBER
Classification number 415
Item number हिट्ने
100 ## - MAIN ENTRY--PERSONAL NAME
Personal name हिट्ने, डब्ल्यू डी
9 (RLIN) 56436
245 ## - TITLE STATEMENT
Title संस्कृत व्याकरण /
Statement of responsibility, etc डब्ल्यू डी हिट्ने ; अनुवादक मुनीश्वर झा
246 ## - VARYING FORM OF TITLE
Title proper/short title Sanskrit vyakaran /
Remainder of title by W.D. Hitne ; anuvadak Muneeshwar Jha
260 ## - PUBLICATION, DISTRIBUTION, ETC. (IMPRINT)
Place of publication, distribution, etc लखनऊ
Name of publisher, distributor, etc उत्तर प्रदेश हिंदी ग्रन्थ अकादमी
270 ## - ADDRESS
City लखनऊ
300 ## - PHYSICAL DESCRIPTION
Extent 240पृ.
Dimensions 20सेमी(सजिल्द )
650 ## - SUBJECT ADDED ENTRY--TOPICAL TERM
Topical term or geographic name as entry element संस्कृत-- भाषा
General subdivision
Geographic subdivision
9 (RLIN) 106738
650 ## - SUBJECT ADDED ENTRY--TOPICAL TERM
Topical term or geographic name as entry element संस्कृत -- व्याकरण
9 (RLIN) 106739
650 ## - SUBJECT ADDED ENTRY--TOPICAL TERM
Topical term or geographic name as entry element Snskrit-- language
9 (RLIN) 93140
650 ## - SUBJECT ADDED ENTRY--TOPICAL TERM
Topical term or geographic name as entry element Sanskrit - grammar
9 (RLIN) 106740
700 ## - ADDED ENTRY--PERSONAL NAME
Personal name झा, मुनीश्वर
9 (RLIN) 106741
942 ## - ADDED ENTRY ELEMENTS (KOHA)
Source of classification or shelving scheme Dewey Decimal Classification
Koha item type Hindi Books
Classification part 480
Call number suffix हिट्ने
Holdings
Withdrawn status Lost status Damaged status Not for loan Home library Current library Date acquired Source of acquisition Cost, normal purchase price Total Checkouts Full call number Barcode Date last seen Copy number Cost, replacement price Price effective from Koha item type
        Central Library Central Library 29/09/2015 Cen Lib/Ret 0.00   415 हिट्ने 693032 29/09/2015 1 0.00 15/09/2016 Hindi Books

© Delhi Public Library
Hit Counter
free hit counter